| 000 | 01229cad a22002055a 4500 | ||
|---|---|---|---|
| 001 | L155197 | ||
| 008 | 120309s2012 xxk 000 0 eng d | ||
| 035 | _a(Sirsi) u155197 | ||
| 041 | 0 | _aeng | |
| 110 | 2 |
_aCB Richard Ellis _93675 |
|
| 245 | 0 | 0 |
_aGlobal office marketview _bdownshift to a lower gear _h[electronic resource] |
| 260 |
_a[S.I.] _bCBRE _c2012 |
||
| 490 | 0 |
_aCBRE Global Office Marketview _vQ4 2011 |
|
| 520 | _aOccupier hesitancy to make large space commitments was a unifying theme across all global regions in Q4 2011 with their focus on reducing costs either though consolidation or relocation to cheaper locations. Global vacancy fell by 10bps to 13.2% in 2011 and the office market recovery continued but at a lower gear. Best performing markets were technology, energy, and resources-related occupiers. Covers the global economic backdrop, global office supply and demand, and the regional perspective on vacancies and completions. | ||
| 590 | _aNTK KA | ||
| 651 | 4 | _aInternational | |
| 690 |
_aCommercial property _96227 |
||
| 856 | 4 | 0 |
_uhttps://www.cbre.co.uk/portal/page/portal/emea_en/research _zView the report (type Global office in the keyword box and click on search) at www.cbre.co.uk |
| 942 | _n0 | ||
| 999 |
_c113387 _d113387 |
||